LEADER 01645nam2 22003491i 450 001 UON00527679 005 20250330110427.490 010 $a979-12-215-0491-0 100 $a20250218d2024 |0itac50 ba 101 $aita 102 $aIT 105 $a|||| ||||| 200 1 $aˆ2: Gli ‰studi slavistici in Italia nell'ultimo trentennio (1991-2021)$ebilanci e prospettive$fa cura di Rosanna Benacchio ... [et al.] 210 $aFirenze$cFirenze University Press$d2024 215 $a403 p.$d24 cm 410 1$1001UON00387565$12001 $aBiblioteca di Studi Slavistici$1210 $aFirenze$cFirenze University Press$v58 461 1$1001UON00527680$12001 $aContributi presentati al 7. Congresso Italiano di Slavistica$1210 $aFirenze$cFirenze University Press$d2024$1215 $a2 v.$d24 cm$v2 606 $aSLAVISTICA$xCONGRESSI$3UONC043436$2FI 606 $aSlavistica$xItalia$xStoria$3UONC067697$2FI 620 $aIT$dFirenze$3UONL000052 676 $a891.8$cLetterature slave$v21 702 1$aBenacchio$bRosanna$3UONV119432 702 1$aCeccherelli$bAndrea$3UONV142529 702 1$aDiddi$bCristiano$3UONV206788 702 1$aGarzonio$bStefano$3UONV109610 712 $aFirenze University Press$3UONV266087$4650 801 $aIT$bSOL$c20260417$gRICA 899 $aSIBA - SISTEMA BIBLIOTECARIO DI ATENEO E ARCHIVIO STORICO$2UONSI 912 $aUON00527679 950 $aSIBA - SISTEMA BIBLIOTECARIO DI ATENEO E ARCHIVIO STORICO$dSI FL 15 0251 $eSI 52387 5 0251 996 $aStudi slavistici in Italia nell'ultimo trentennio (1991-2021)$94314853 997 $aUNIOR